00355nam a2200145 4500020001800000082001400018100002100032245004100053250001300094260003200107300001000139650002000149650002500169650001500194 a9789334829932 aM3bASH/K aAshokan charuvil aKattoor kadavu/cby Ashokan charuvil a10th ed. aKottayam:bDC books,c2025. a376p. aNovel Malayalam aLiterature Malayalam aLiterature